Library of the University of Algiers 3
Ibrahim Sultan Cheibout
شعار جامعة الجزائر 3
مكتبة جامعة الجزائر 3
إبراهيم سلطان شيبوط

المبادئ الأساسية للمحاسبة العامة والمخطط المحاسبي الوطني / (رقم التسجيلة. 42818)

تفاصيل مارك
000 -LEADER
fixed length control field 01155nam a2200229Ia 4500
003 - CONTROL NUMBER IDENTIFIER
control field Ost
005 - DATE AND TIME OF LATEST TRANSACTION
control field 20260507075105.0
008 - FIXED-LENGTH DATA ELEMENTS--GENERAL INFORMATION
fixed length control field 260507s9999||||xx |||||||||||||| ||und||
020 ## - INTERNATIONAL STANDARD BOOK NUMBER
International Standard Book Number 90233091619
040 ## - CATALOGING SOURCE
Transcribing agency fsecg
041 ## - LANGUAGE CODE
Language code of text/sound track or separate title ara
082 ## - DEWEY DECIMAL CLASSIFICATION NUMBER
Classification number 330
100 ## - MAIN ENTRY--PERSONAL NAME
Personal name صالح، خالص صافي
Relator term مؤلف
245 #0 - TITLE STATEMENT
Title المبادئ الأساسية للمحاسبة العامة والمخطط المحاسبي الوطني /
Statement of responsibility, etc. خالص صافي صالح
250 ## - EDITION STATEMENT
Edition statement طبعة 3
260 ## - PUBLICATION, DISTRIBUTION, ETC.
Place of publication, distribution, etc. الجزائر:
Name of publisher, distributor, etc. ديوان المطبوعات الجامعية,
Date of publication, distribution, etc. 2007
300 ## - PHYSICAL DESCRIPTION
Extent 289 صفحة؛
Other physical details إيضاحات ؛
Dimensions 22 سم
520 ## - SUMMARY, ETC.
Summary, etc. المحاسبة المبادئ والمفاهيم- أنواع الشركات- الدفاتر والسجلات المحاسبية- الدورة المحاسبية- نظرية القيد المزدوج- العمليات الأستثمارية التمويلية- مصاريف التسيير- الاوراق التجارية- الصكوك المصرفية- عرض لمخطط الوطني للمحاسبة.
653 ## - INDEX TERM--UNCONTROLLED
Uncontrolled term المحاسبة
653 ## - INDEX TERM--UNCONTROLLED
Uncontrolled term المحاسبة المالية
942 ## - ADDED ENTRY ELEMENTS (KOHA)
Koha item type كتب
المقتنيات
Withdrawn status Lost status Source of classification or shelving scheme Damaged status Not for loan Home library Current library Date acquired Serial enumeration / chronology Inventory number Total checkouts Full call number Barcode Date last seen Price effective from Koha item type
    Dewey Decimal Classification   NOT LOAN / إعارة داخلية مكتبة كلية العلوم الإقتصادية والعلوم التجارية وعلوم التسيير مكتبة كلية العلوم الإقتصادية والعلوم التجارية وعلوم التسيير 07/05/2026 الطابق الأرضي 1350/1   أ/1350ن1 1350/1 07/05/2026 07/05/2026 كتب
    Dewey Decimal Classification   Available مكتبة كلية العلوم الإقتصادية والعلوم التجارية وعلوم التسيير مكتبة كلية العلوم الإقتصادية والعلوم التجارية وعلوم التسيير 07/05/2026 الطابق الأرضي 1350/2   أ/1350ن2 1350/2 07/05/2026 07/05/2026 كتب
    Dewey Decimal Classification   Available مكتبة كلية العلوم الإقتصادية والعلوم التجارية وعلوم التسيير مكتبة كلية العلوم الإقتصادية والعلوم التجارية وعلوم التسيير 07/05/2026 الطابق الأرضي 1350/3   أ/1350ن3 1350/3 07/05/2026 07/05/2026 كتب
    Dewey Decimal Classification   Available مكتبة كلية العلوم الإقتصادية والعلوم التجارية وعلوم التسيير مكتبة كلية العلوم الإقتصادية والعلوم التجارية وعلوم التسيير 07/05/2026 الطابق الثاني 1350/4   أ/1350ن4 1350/4 07/05/2026 07/05/2026 كتب
    Dewey Decimal Classification   Available مكتبة كلية العلوم الإقتصادية والعلوم التجارية وعلوم التسيير مكتبة كلية العلوم الإقتصادية والعلوم التجارية وعلوم التسيير 07/05/2026 الطابق الأرضي 8225   أ/1350ن5 8225 07/05/2026 07/05/2026 كتب
    Dewey Decimal Classification   Available مكتبة كلية العلوم الإقتصادية والعلوم التجارية وعلوم التسيير مكتبة كلية العلوم الإقتصادية والعلوم التجارية وعلوم التسيير 07/05/2026 الطابق الأرضي 8226   أ/1350ن6 8226 07/05/2026 07/05/2026 كتب
    Dewey Decimal Classification   Available مكتبة كلية العلوم الإقتصادية والعلوم التجارية وعلوم التسيير مكتبة كلية العلوم الإقتصادية والعلوم التجارية وعلوم التسيير 07/05/2026 الطابق الأرضي 8227   أ/1350ن7 8227 07/05/2026 07/05/2026 كتب
    Dewey Decimal Classification   Available مكتبة كلية العلوم الإقتصادية والعلوم التجارية وعلوم التسيير مكتبة كلية العلوم الإقتصادية والعلوم التجارية وعلوم التسيير 07/05/2026 الطابق الثاني 8228   أ/1350ن8 8228 07/05/2026 07/05/2026 كتب
    Dewey Decimal Classification   Available مكتبة كلية العلوم الإقتصادية والعلوم التجارية وعلوم التسيير مكتبة كلية العلوم الإقتصادية والعلوم التجارية وعلوم التسيير 07/05/2026 الطابق الثاني 8229   أ/1350ن9 8229 07/05/2026 07/05/2026 كتب

موارد الويب المفتوحة


© University of Algiers 3 All Rights Reserved
|
Implemented by LECHELAH Riad